00325nam a2200109Ia 4500008004100000082000800041100002600049245002400075942000600099952009500105999001500200240331s9999 xx 000 0 und d bSAN aPeriyar Thiratha . ed 0aSanaskritha athikam cL 001040708LaWERCLbWERCLcSSCd2024-03-31l0o 491 SANp2248r2024-03-31w2024-03-31yL c3653d3653